| 000 | 00751nam a2200205Ia 4500 | ||
|---|---|---|---|
| 003 | IN-BaIIA | ||
| 008 | 211028s9999 xx 000 0 eng d | ||
| 020 | _a978-0-521-31177-9 | ||
| 040 | _cIIA Library | ||
| 080 |
_a530.145 _bCOL |
||
| 100 |
_aCollins, John C. _918627 |
||
| 245 | 0 |
_aRenormalization _ban introduction to renormalization, the renormalization group, and the operator-product expansion _cJohn C. Collins |
|
| 260 |
_aCambridge _bCambridge University Press _c1992 |
||
| 300 | _ax, 380p. | ||
| 490 | _aCambridge monographs on mathematical physics | ||
| 650 | _aAstronomy and astrophysics thesaurus | ||
| 650 |
_aQuantum field theory _96197 |
||
| 650 |
_aRenormalization _918628 |
||
| 942 | _cBK | ||
| 999 |
_c10891 _d10891 |
||